La civilización puesta a prueba.
Збережено в:
| Автор: | |
|---|---|
| Інші автори: | |
| Формат: | Книга |
| Мова: | Іспанська |
| Опубліковано: |
Buenos Aires, Argentina:
Emecé Editores,
1949.
|
| Серія: | Colección Grandes Ensayistas.
|
| Предмети: | |
| Теги: |
Додати тег
Немає тегів, Будьте першим, хто поставить тег для цього запису!
|
MARC
| LEADER | 00000cam a2200000 a 4500 | ||
|---|---|---|---|
| 001 | UCP4290 | ||
| 003 | CL-VaPUC | ||
| 005 | 20220822114340.0 | ||
| 008 | 990724e19490000AG |||||||||||||||||spa|d | ||
| 999 | |c 282293 |d 282291 | ||
| 040 | |c Pontificia Universidad Católica de Valparaíso | ||
| 082 | 0 | 4 | |a 901 TOY 1949 |2 21 |
| 100 | |a Toynbee, Arnold Joseph |e autor |9 315218 | ||
| 245 | 1 | 3 | |a La civilización puesta a prueba. |
| 260 | |a Buenos Aires, Argentina: |b Emecé Editores, |c 1949. | ||
| 300 | |a 319 páginas. | ||
| 490 | 0 | |a Colección Grandes Ensayistas. | |
| 500 | |a c.6 Donación Familia Prof. Alejandro Guzmán Brito. | ||
| 583 | |a last modification |c 20150408 12:58:21 |k Rodrigo Vera | ||
| 650 | 0 | |a Filosofía de la historia |9 265651 | |
| 650 | 0 | |a Civilización |9 255823 | |
| 650 | 0 | |a Teoría de la historia |9 317951 | |
| 650 | 0 | |a Ensayos |9 268724 | |
| 700 | |a Perriaux, Jaime |e edición, con notas |9 865462 | ||
| 942 | |c BK |2 ddc |n 0 | ||
| 945 | |d 19990724 00:00:00 |a lriquelm | ||
| 952 | |0 0 |1 0 |4 0 |6 901_000000000000000_TOY_1949 |7 0 |8 A |9 323925 |a BIBHIS |b BIBHIS |d 2019-11-20 |i 1366335 |o 901 TOY 1949 |p 1366335 |r 2025-01-20 |w 2019-11-20 |y BK |k HIS | ||
| 952 | |0 0 |1 0 |4 0 |6 901_000000000000000_TOY_1949 |7 0 |8 A |9 323926 |a BIBHIS |b BIBHIS |d 2019-11-20 |i 1366343 |o 901 TOY 1949 |p 1366343 |r 2025-01-20 |w 2019-11-20 |y BK |k HIS | ||
| 952 | |0 0 |1 0 |4 0 |6 901_000000000000000_TOY_1949 |7 0 |8 A |9 323927 |a BIBHIS |b BIBHIS |d 2019-11-20 |i 3951898 |o 901 TOY 1949 |p 3951898 |r 2025-01-20 |w 2019-11-20 |y BK |k HIS | ||
| 952 | |0 0 |1 0 |4 0 |6 901_000000000000000_TOY_1949 |7 0 |8 A |9 323928 |a BIBHIS |b BIBHIS |d 2019-11-20 |i 4518020 |o 901 TOY 1949 |p 4518020 |r 2025-01-20 |w 2019-11-20 |y BK |k HIS | ||
| 952 | |0 0 |1 0 |3 erb |4 0 |6 901_000000000000000_TOY_1949 |7 0 |8 A |9 323929 |a BIBHIS |b BIBHIS |e Villagrán Garnham, Jorge |i 5159369 |o 901 TOY 1949 |p 5159369 |r 2025-01-20 |w 2019-11-20 |y BK |z Catalogado en:20150416 |k HIS | ||